000
00322nam a2200121Ia 4500
005
20251222144907.0
008
251222s9999||||xx |||||||||||||| ||spa||
082
_a
985.02/B95/1998
100
_a
Busto Duthurburu, José Antonio del
245
0
_a
Tres Ensayos Peruanistas
264
_b
Instituto Riva Agüero
942
_c
LIB
999
_c
22189
_d
22189